History Quiz

Random History or Europe Quiz

Borders of Spain (1812-) Quiz Stats

 Plays Quiz Updated Mar 13, 2018

Challenge
Share
Tweet
Embed
Score 0/19 Timer 05:00
9 Plays Today
Years Bordering Country % Correct
1812-France
98.5%
1812-1910Kingdom of Portugal
97.3%
1910-Portugal
97.3%
1812-1821United States
87.9%
1822-1825Empire of Brazil
87.2%
1812-Andorra
84.4%
1812-United Kingdom
83.1%
1884-1912, 1956-Morocco
80.7%
1816-1825Argentina
79%
1819-1821Gran Colombia
75.7%
Years Bordering Country % Correct
1818-1821Chile
75.7%
1884-1919German Empire
69.6%
1962-1976Algeria
64.2%
1812-1821, 1861-1865Haiti
63.2%
1812-1825Paraguay
62.9%
1812-1814Netherlands
53.4%
1960-1976Mauritania
44.5%
1960-1968Cameroon
26.9%
1960-1968Gabon
24.9%

You're not logged in!

Compare scores with friends on all Sporcle quizzes.
OR
Log In

You Might Also Like...

Show Comments

Extras

Top Quizzes Today


Score Distribution

Your Account Isn't Verified!

In order to create a playlist on Sporcle, you need to verify the email address you used during registration. Go to your Sporcle Settings to finish the process.

Report this User

Report this user for behavior that violates our Community Guidelines.

Details: